Body and Spirit in the Middle Ages : Literature, Philosophy, Medicine (Record no. 89616)
[ view plain ]
| 000 -LEADER | |
|---|---|
| fixed length control field | 01281nam a2200241Ia 4500 |
| 000 - LEADER | |
| fixed length control field | 01979naaa 00409uu |
| 001 - CONTROL NUMBER | |
| control field | https://directory.doabooks.org/handle/20.500.12854/63705 |
| 005 - DATE AND TIME OF LATEST TRANSACTION | |
| control field | 20260218105546.0 |
| 008 - FIXED-LENGTH DATA ELEMENTS--GENERAL INFORMATION | |
| fixed length control field | 211013s9999 xx 000 0 und d |
| 024 ## - OTHER STANDARD IDENTIFIER | |
| Standard number or code | 10.1515/9783110615937 |
| 042 ## - AUTHENTICATION CODE | |
| Authentication code | dc |
| 245 #0 - TITLE STATEMENT | |
| Title | Body and Spirit in the Middle Ages : Literature, Philosophy, Medicine |
| 260 ## - PUBLICATION, DISTRIBUTION, ETC. | |
| Place of publication, distribution, etc. | Berlin/Boston |
| Name of publisher, distributor, etc. | De Gruyter |
| Date of publication, distribution, etc. | 2020 |
| 300 ## - PHYSICAL DESCRIPTION | |
| Extent | 1 electronic resource (284 p.) |
| 520 ## - SUMMARY, ETC. | |
| Summary, etc. | A crucial question throughout the Middle Ages, the relationship between body and spirit cannot be understood without an interdisciplinary approach - combining literature, philosophy and medicine. Gathering contributions by leading international scholars from these disciplines, the collected volume explores themes such as lovesickness, the five senses, memory and passions, in order to shed new light on the complex nature of the medieval Self. |
| 540 ## - TERMS GOVERNING USE AND REPRODUCTION NOTE | |
| Terms governing use and reproduction | Creative Commons |
| 653 ## - INDEX TERM--UNCONTROLLED | |
| Uncontrolled term | Body |
| 700 1# - ADDED ENTRY--PERSONAL NAME | |
| Personal name | Gubbini, Gaia |
| 700 1# - ADDED ENTRY--PERSONAL NAME | |
| Personal name | Gubbini, Gaia |
| 856 ## - ELECTRONIC LOCATION AND ACCESS | |
| Uniform Resource Identifier | <a href="https://docs.google.com/spreadsheets/d/1yKIrdCPDAG_9c22mwoOIO2DOhtj65Wqa/edit?usp=sharing&ouid=106555315294820607512&rtpof=true&sd=true ">https://docs.google.com/spreadsheets/d/1yKIrdCPDAG_9c22mwoOIO2DOhtj65Wqa/edit?usp=sharing&ouid=106555315294820607512&rtpof=true&sd=true </a> |
| Link text | List of Curated E-Books |
| 942 ## - ADDED ENTRY ELEMENTS (KOHA) | |
| Koha item type | E-Book |
No items available.